[Event "IECG WC.2001.F.00005 email"]
[White "Salvato, Sergio"]
[Black "Cornacchini, Gabriele"]
[Site "IECG email"]
[Round "?"]
[Result "0-1"]
[Date "2001.12.15"]
[WhiteElo "1304"]
[BlackElo "1231"]
[PlyCount "24"]
[EventDate "2001.12.15"]
[EventType "tourn (corr)"]
[EventRounds "10"]
[SourceTitle "Corr 2008"]
[Source "ChessBase"]
[SourceDate "2008.06.24"]
[SourceVersion "1"]
[SourceVersionDate "2008.06.24"]
[SourceQuality "1"]

1. e4 e5 2. Nf3 Nc6 3. d4 exd4 4. Nxd4 Bc5 5. Nxc6 Qf6 6. Qd2 dxc6 7. Nc3 Be6 8. Na4 Bd6 9. Qe3 Ne7 10. f4 Bb4+ 11. c3 Ba5 12. Be2 0-0 0-1

[Event "IECC KO email"]
[White "Karthik, Raghavendra"]
[Black "Salvato, Sergio"]
[Site "IECC email"]
[Round "?"]
[Result "0-1"]
[Date "2001.10.15"]
[WhiteElo "1572"]
[BlackElo "1402"]
[PlyCount "28"]
[EventDate "2001.??.??"]
[EventType "tourn (corr)"]
[EventRounds "6"]
[SourceTitle "Corr 2008"]
[Source "ChessBase"]
[SourceDate "2008.06.24"]
[SourceVersion "1"]
[SourceVersionDate "2008.06.24"]
[SourceQuality "1"]

1. e4 e5 2. Nf3 Nc6 3. Bc4 Bc5 4. c3 Nf6 5. d4 exd4 6. cxd4 Bb4+ 7. Nc3 Nxe4 8. 0-0 Bxc3 9. d5 Ne5 10. bxc3 Nxc4 11. Qe1 Qe7 12. Ng5 Nf6 13. Qxe7+ Kxe7 14. Re1+ Kf8 0-1

[Event "IECC P email"]
[White "Butcher, Robert Evan Sr"]
[Black "Salvato, Sergio"]
[Site "IECC email"]
[Round "?"]
[Result "0-1"]
[Date "2001.08.12"]
[WhiteElo "1016"]
[BlackElo "1383"]
[PlyCount "68"]
[EventDate "2001.??.??"]
[EventType "tourn (corr)"]
[EventRounds "6"]
[SourceTitle "Corr 2008"]
[Source "ChessBase"]
[SourceDate "2008.06.24"]
[SourceVersion "1"]
[SourceVersionDate "2008.06.24"]
[SourceQuality "1"]

1. d4 Nf6 2. c4 d6 3. Nc3 e5 4. e4 Nbd7 5. Nf3 g6 6. Bg5 h6 7. Bh4 exd4 8. Nd5 c5 9. a3 Be7 10. e5 Nxd5 11. cxd5 Bxh4 12. Nxh4 Qxh4 13. e6 fxe6 14. dxe6 Ne5 15. Bb5+ Ke7 16. 0-0 Bxe6 17. b4 a6 18. Be2 Rhf8 19. f3 d3 20. bxc5 dxc5 21. Bxd3 Qd4+ 22. Kh1 Nxd3 23. Qd2 b5 24. Rad1 Rad8 25. h3 Nf2+ 26. Rxf2 Qa4 27. Qe2 Rxd1+ 28. Kh2 Qf4+ 29. g3 Qc1 30. g4 Rh1+ 31. Kg3 Qf4+ 32. Kh4 g5+ 33. Kh5 Rxh3+ 34. Kg6 Qf7# 0-1

[Event "IECC P email"]
[White "Salvato, Sergio"]
[Black "Jaskula, Robert"]
[Site "IECC email"]
[Round "?"]
[Result "1/2-1/2"]
[Date "2001.05.08"]
[WhiteElo "1387"]
[BlackElo "1986"]
[PlyCount "106"]
[EventDate "2001.??.??"]
[EventType "tourn (corr)"]
[EventRounds "6"]
[SourceTitle "Corr 2008"]
[Source "ChessBase"]
[SourceDate "2008.06.24"]
[SourceVersion "1"]
[SourceVersionDate "2008.06.24"]
[SourceQuality "1"]

1. e4 c5 2. Nf3 d6 3. d4 cxd4 4. Nxd4 Nf6 5. Nc3 a6 6. Be3 e6 7. Qd2 b5 8. f3 Be7 9. Bd3 b4 10. Nce2 d5 11. exd5 Nxd5 12. Bf2 0-0 13. 0-0 e5 14. Nb3 Bb7 15. Nc5 Bxc5 16. Bxc5 Re8 17. Bf2 Nc6 18. Rfd1 Qc7 19. c3 Rad8 20. Qc2 h6 21. Qa4 Re6 22. Be4 Red6 23. Bc5 R6d7 24. cxb4 Ncxb4 25. Rdc1 Qc6 26. Qxc6 Nxc6 27. Bf5 Rc7 28. Rd1 g6 29. Be4 Rcd7 30. Bc2 Ndb4 31. Rxd7 Rxd7 32. Bb3 Kg7 33. Rb1 f5 34. Nc3 Nd3 35. Bb6 Nd4 36. Bc4 Rd6 37. Na4 e4 38. Rd1 Bc6 39. Nc3 Nb5 40. fxe4 fxe4 41. Be3 g5 42. Rd2 Nxc3 43. bxc3 Bb5 44. Bb3 Kf6 45. Rd1 Ke7 46. c4 Bc6 47. Rf1 a5 48. c5 Rf6 49. Rb1 Rf5 50. Bc4 Bd5 51. Bxd5 Rxd5 52. Rb7+ Ke6 53. Rb6+ Kd7 1/2-1/2

[Event "IECG CE.2001.0.00002 email"]
[White "Salvato, Sergio"]
[Black "Eide, John Henning"]
[Site "IECG email"]
[Round "?"]
[Result "1-0"]
[Date "2001.05.06"]
[WhiteElo "1257"]
[BlackElo "1395"]
[PlyCount "75"]
[EventDate "2001.05.06"]
[EventType "tourn (corr)"]
[EventRounds "6"]
[SourceTitle "Corr 2008"]
[Source "ChessBase"]
[SourceDate "2008.06.24"]
[SourceVersion "1"]
[SourceVersionDate "2008.06.24"]
[SourceQuality "1"]

1. e4 c5 2. Nf3 Nc6 3. d4 cxd4 4. Nxd4 Nxd4 5. Qxd4 e6 6. Nc3 Ne7 7. Nb5 Nc6 8. Nd6+ Bxd6 9. Qxd6 Qe7 10. Bf4 e5 11. Qxe7+ Kxe7 12. Be3 Re8 13. 0-0-0 Kf8 14. Bc5+ Kg8 15. Bb5 b6 16. Be3 Re6 17. Rd2 a6 18. Be2 Rg6 19. Rg1 Ne7 20. Bh5 Rc6 21. Rgd1 g6 22. Be2 f5 23. Bg5 Kf8 24. Bf3 f4 25. Bg4 d6 26. Be2 Bb7 27. Rxd6 Rxd6 28. Rxd6 Bxe4 29. Rf6+ Kg7 30. f3 Bf5 31. Rxb6 Nd5 32. Rb7+ Kh8 33. Bc4 Be6 34. b3 Re8 35. Bxa6 Ra8 36. Bc4 h5 37. a4 Rc8 38. a5 1-0

[Event "IECG CP.2000.P.00006"]
[White "Popp, Tony"]
[Black "Salvato, Sergio"]
[Site "IECG email"]
[Round "?"]
[Result "0-1"]
[Date "2000.10.01"]
[WhiteElo "1233"]
[BlackElo "1219"]
[PlyCount "74"]
[EventDate "2000.10.01"]
[EventType "tourn (corr)"]
[EventRounds "6"]
[EventCountry "SVK"]
[SourceTitle "Corr 2008"]
[Source "ChessBase"]
[SourceDate "2008.06.24"]
[SourceVersion "1"]
[SourceVersionDate "2008.06.24"]
[SourceQuality "1"]

1. f4 d5 2. d4 Nf6 3. Nc3 e6 4. a3 Be7 5. Nf3 0-0 6. e3 Bd7 7. Ne5 c5 8. Bd3 Nc6 9. 0-0 Rc8 10. g4 Nxe5 11. dxe5 Ne8 12. g5 c4 13. Be2 Qb6 14. Bg4 Nc7 15. Qe1 Bc6 16. Bf3 Bc5 17. Rb1 a5 18. b3 cxb3 19. Rxb3 Qa7 20. Kg2 Qa8 21. h4 Rfd8 22. Rb1 b5 23. Nd1 d4 24. exd4 Bxd4 25. Be3 Bxf3+ 26. Rxf3 Nd5 27. Kg3 Ne7 28. Bxd4 Nf5+ 29. Kg4 Nxd4 30. Rd3 Nxc2 31. Rxd8+ Rxd8 32. Qg3 Qe4 33. Nc3 Qf5+ 34. Kh5 Ne3 35. Qxe3 g6+ 36. Kh6 Qg4 37. Rh1 Qh5# 0-1

[Event "IECG FI.2000.0.00007 (Class N)"]
[White "Salvato, Sergio"]
[Black "Poblete, Litos"]
[Site "IECG email"]
[Round "?"]
[Result "1-0"]
[Date "2000.04.01"]
[WhiteElo "1153"]
[BlackElo "1099"]
[PlyCount "65"]
[EventDate "2000.04.01"]
[EventType "tourn (corr)"]
[EventRounds "8"]
[SourceTitle "Corr 2008"]
[Source "ChessBase"]
[SourceDate "2008.06.24"]
[SourceVersion "1"]
[SourceVersionDate "2008.06.24"]
[SourceQuality "1"]

1. d4 Nf6 2. c4 e6 3. Nf3 Bb4+ 4. Bd2 Qe7 5. e3 b6 6. Bd3 Bb7 7. 0-0 0-0 8. Nc3 Bxc3 9. Bxc3 Ne4 10. a4 d6 11. a5 Nxc3 12. bxc3 Nd7 13. a6 Bc8 14. Qb1 h6 15. Bh7+ Kh8 16. Be4 Rb8 17. Bc6 e5 18. Qb4 e4 19. Nd2 f5 20. f3 exf3 21. Rxf3 Nf6 22. Qb5 Bd7 23. Raf1 Bxc6 24. Qxc6 Ng4 25. e4 f4 26. Rxf4 Rxf4 27. Rxf4 Nf6 28. Nf1 Nh5 29. Rf5 g6 30. Rf2 Kg7 31. Ne3 Nf6 32. Rxf6 Qxf6 33. Qxc7+ 1-0

[Event "IECG WC.2003.P.00007 email"]
[White "Kulvietis, Marijus"]
[Black "Salvato, Sergio"]
[Site "IECG email"]
[Round "?"]
[Result "1-0"]
[Date "2000.??.??"]
[WhiteElo "1984"]
[BlackElo "1153"]
[PlyCount "79"]
[EventDate "2000.01.26"]
[EventType "tourn (corr)"]
[EventRounds "10"]
[SourceTitle "Corr 2008"]
[Source "ChessBase"]
[SourceDate "2008.06.24"]
[SourceVersion "1"]
[SourceVersionDate "2008.06.24"]
[SourceQuality "1"]

1. Nf3 Nf6 2. c4 e6 3. g3 Be7 4. Bg2 0-0 5. 0-0 d5 6. d4 c5 7. cxd5 exd5 8. Nc3 Nc6 9. Bg5 cxd4 10. Nxd4 Bg4 11. h3 Bd7 12. Rc1 Rc8 13. Nxc6 bxc6 14. Be3 Be6 15. Na4 Qa5 16. Bc5 Bxc5 17. Rxc5 Qa6 18. b4 Rb8 19. a3 Rb5 20. Qc2 Rxc5 21. Nxc5 Qxa3 22. Nxe6 fxe6 23. Qxc6 Re8 24. b5 Qb2 25. e3 Qe5 26. Rc1 Qb2 27. Bf3 Kh8 28. Rc2 Qb4 29. Kg2 Qb1 30. e4 Rf8 31. exd5 exd5 32. Re2 Rb8 33. Re6 Qf5 34. Re7 Rf8 35. Rxa7 Ne4 36. Ra3 h6 37. b6 Ng5 38. g4 Qf4 39. Qxd5 Rb8 40. b7 1-0

[Event "IECC KO email"]
[White "Hakuc, Waclaw"]
[Black "Salvato, Sergio"]
[Site "IECC email"]
[Round "?"]
[Result "1-0"]
[Date "1999.12.20"]
[WhiteElo "1777"]
[BlackElo "1152"]
[PlyCount "55"]
[EventDate "1999.??.??"]
[EventType "tourn (corr)"]
[EventRounds "6"]
[SourceTitle "Corr 2008"]
[Source "ChessBase"]
[SourceDate "2008.06.24"]
[SourceVersion "1"]
[SourceVersionDate "2008.06.24"]
[SourceQuality "1"]

1. e4 e5 2. Nf3 Nc6 3. Bb5 a6 4. Ba4 Nf6 5. Bxc6 dxc6 6. 0-0 Bg4 7. d3 Nxe4 8. dxe4 Qxd1 9. Rxd1 Bxf3 10. gxf3 Bc5 11. f4 0-0 12. fxe5 Rfe8 13. Bf4 Re6 14. Nc3 a5 15. Rd7 a4 16. Rxc7 a3 17. Rxb7 Re7 18. Rxe7 axb2 19. Rb1 Bxe7 20. Rxb2 Ba3 21. Rb6 Rc8 22. Be3 Kf8 23. Rb3 Be7 24. a4 Ke8 25. Rb7 g5 26. Ne2 Ra8 27. Ba7 Rd8 28. Nd4 1-0

[Event "IECG CP.1999.P.00069"]
[White "Laureles, Raymundo"]
[Black "Salvato, Sergio"]
[Site "IECG email"]
[Round "?"]
[Result "0-1"]
[Date "1999.10.01"]
[WhiteElo "1740"]
[BlackElo "1151"]
[PlyCount "56"]
[EventDate "1999.10.01"]
[EventType "tourn (corr)"]
[EventRounds "6"]
[EventCountry "ARG"]
[SourceTitle "Corr 2008"]
[Source "ChessBase"]
[SourceDate "2008.06.24"]
[SourceVersion "1"]
[SourceVersionDate "2008.06.24"]
[SourceQuality "1"]

1. e4 c5 2. Nf3 Nc6 3. d4 cxd4 4. Nxd4 Nf6 5. Nc3 e5 6. Ndb5 d6 7. Bg5 a6 8. Na3 b5 9. Nd5 Be7 10. Nxe7 Nxe7 11. Bd3 d5 12. Bxf6 gxf6 13. 0-0 Rg8 14. Qh5 Qd7 15. Qxh7 Rxg2+ 16. Kh1 Rg8 17. Rg1 Rf8 18. Rad1 b4 19. Nb1 Bb7 20. c4 d4 21. Nd2 Ng6 22. Nb3 Rh8 23. Qg7 Qf5 24. Rxg6 Qf3+ 25. Kg1 Qxd1+ 26. Bf1 Qh5 27. h3 Qxg6+ 28. Qxg6 fxg6 0-1

[Event "IECG CN.1999.0.00139"]
[White "Ganev, Boyan"]
[Black "Salvato, Sergio"]
[Site "IECG email"]
[Round "?"]
[Result "0-1"]
[Date "1999.07.19"]
[WhiteElo "800"]
[BlackElo "800"]
[PlyCount "54"]
[EventDate "1999.07.19"]
[EventType "tourn (corr)"]
[EventRounds "6"]
[SourceTitle "Corr 2008"]
[Source "ChessBase"]
[SourceDate "2008.06.24"]
[SourceVersion "1"]
[SourceVersionDate "2008.06.24"]
[SourceQuality "1"]

1. e4 d6 2. d4 Nf6 3. Nc3 g6 4. Bg5 Bg7 5. f3 0-0 6. Qd2 Nbd7 7. 0-0-0 c5 8. d5 b5 9. Bxb5 Rb8 10. Bh6 Bxh6 11. Qxh6 Qa5 12. Bxd7 Bxd7 13. Nge2 Qb4 14. b3 a5 15. Kd2 a4 16. Rb1 Qa5 17. Rhc1 Rfc8 18. Kd1 axb3 19. Rxb3 Bb5 20. Nxb5 Rxb5 21. Qd2 Ra8 22. Nc3 Rb4 23. Rxb4 cxb4 24. Ne2 Qc5 25. Qd4 Rxa2 26. Qxc5 dxc5 27. Rb1 Nd7 0-1

[Event "IECG CN.1999.0.00110"]
[White "Larrosa, Jorge"]
[Black "Salvato, Sergio"]
[Site "IECG email"]
[Round "?"]
[Result "0-1"]
[Date "1999.03.01"]
[WhiteElo "800"]
[BlackElo "800"]
[PlyCount "22"]
[EventDate "1999.03.01"]
[EventType "tourn (corr)"]
[EventRounds "6"]
[SourceTitle "Corr 2008"]
[Source "ChessBase"]
[SourceDate "2008.06.24"]
[SourceVersion "1"]
[SourceVersionDate "2008.06.24"]
[SourceQuality "1"]

1. e4 e5 2. Nf3 Nc6 3. d4 exd4 4. Bc4 Nf6 5. 0-0 Nxe4 6. Re1 d5 7. Bxd5 Qxd5 8. Nc3 Qh5 9. Nxe4 Be6 10. Bg5 h6 11. Bf6 Qg6 0-1

[Event "IECG CN.1999.0.00110"]
[White "Salvato, Sergio"]
[Black "Skovgaard, Michael"]
[Site "IECG email"]
[Round "?"]
[Result "1-0"]
[Date "1999.03.01"]
[WhiteElo "800"]
[BlackElo "800"]
[PlyCount "59"]
[EventDate "1999.03.01"]
[EventType "tourn (corr)"]
[EventRounds "6"]
[SourceTitle "Corr 2008"]
[Source "ChessBase"]
[SourceDate "2008.06.24"]
[SourceVersion "1"]
[SourceVersionDate "2008.06.24"]
[SourceQuality "1"]

1. b4 e5 2. a3 d5 3. d4 exd4 4. Nf3 a5 5. b5 Nf6 6. Nxd4 Ne4 7. e3 Qf6 8. Qf3 Be7 9. c4 Be6 10. Nd2 Nxd2 11. Bxd2 Qxf3 12. gxf3 Nd7 13. f4 Nf6 14. Rg1 0-0 15. cxd5 Rfd8 16. dxe6 Nd5 17. exf7+ Kxf7 18. Bc4 Bf6 19. Rc1 Bxd4 20. Bxd5+ Rxd5 21. Rxc7+ Kf6 22. exd4 Re8+ 23. Be3 g6 24. Rxb7 Rh5 25. a4 Rxh2 26. Ra7 Ke6 27. Rxa5 Re7 28. b6 Rb7 29. Ra7 Rb8 30. f5+ 1-0